| 000 | 00507nam a2200193Ia 4500 | ||
|---|---|---|---|
| 003 | GCL | ||
| 008 | 140319s9999 xx 000 0 eng d | ||
| 040 |
_aGCL / _cGCL |
||
| 082 | 0 | 4 |
_a956 _bB S |
| 100 | 1 | _aBURKE, EDMUND | |
| 245 | 1 | 0 |
_aSTRUGGLE AND SURVIVAL IN THE MODERN MIDDLE EAST / _cBURKE, EDMUND |
| 260 |
_a[S.N] : _bTAURIS AND CO LTD ، _c1993 |
||
| 300 | _a400 P | ||
| 650 | 0 | 4 | _aHISTORY 20TH CENTURY |
| 650 | 0 | 4 | _aHISTORY |
| 650 | 0 | 4 | _aMIDDLE EAST |
| 650 | 0 | 4 | _aARABIC WORLD |
| 942 |
_2ddc _cBK |
||
| 999 |
_c13925 _d13925 |
||